| 000 | 00553nam a2200229Ia 4500 | ||
|---|---|---|---|
| 003 | OSt | ||
| 005 | 20230617094331.0 | ||
| 008 | 210423s2011 xx 000 0 und d | ||
| 020 | _a9788184871043 | ||
| 040 | _cAL | ||
| 041 | _aeng | ||
| 082 |
_a539.7 DEVV _223 |
||
| 100 |
_aDEVANATHAN (V). _993979 |
||
| 245 | _aNuclear physics. | ||
| 250 | _a2 | ||
| 260 |
_aNew Delhi _bNarosa Publishing House _c2011 |
||
| 300 |
_axv,406p _bPB |
||
| 365 |
_b290 _cINR |
||
| 650 |
_aNuclear Physics _993980 |
||
| 906 | _aNuclear ; physics. | ||
| 942 |
_2ddc _cBK |
||
| 999 |
_c161806 _d161806 |
||